000 01206nam a2200337Ia 4500
001 Para_9152
003 CHAP
005 20220812124952.0
008 220125s2006 xx 000 0 und d
010 _a207885
040 _cCHAP
090 _aPA TESIS 1972
100 _aEsparza Luna, Linda Luz
_937761
245 _aDetección de iris severe mosaic virus mediante la prueba inmunológica PTA-ELISA en bulbos de Iris spp., importados de Holanda /
_c por Linda Luz Esparza Luna
260 _aChapingo, Méx. :
_b el autor
300 _a48 h.
502 _aTesis (Ing. Agr. Esp. en Parasitología Agrícola) -- UACh. Departamento Parasitología Agrícola
650 _aIris fulva mosaic virus
_9174352
650 _aIris mild mosaic virus
_9174353
650 _aIris severe mosaic virus
_9174354
650 _aIris yellow spot virus
_9174355
650 _aLirio
_x enfermedades por virus
_9174356
650 _aPlantas
_x cuarentena
_988811
650 _aPlantas ornamentales
_x enfermedades
_989062
901 _aTESIS 1972
902 _aA
905 _a0000002006 mn 0000000000 00
910 _a2006
942 _cPARA
_2ddc
942 _cPARA
_2ddc
999 _c207885
_d207885